[Event "Catania op 2nd"]
[Site "Catania"]
[Date "1990.08.11"]
[Round "8"]
[White "Drazic, Sinisa"]
[Black "Guerra, Ugo"]
[Result "1/2-1/2"]
[WhiteElo "2390"]
[BlackElo "2340"]
[PlyCount "32"]
[EventDate "1990.08.04"]
[EventType "swiss"]
[EventRounds "9"]
[EventCountry "ITA"]
[SourceTitle "EXT 2023"]
[Source "ChessBase"]
[SourceDate "2022.10.05"]
[SourceVersion "1"]
[SourceVersionDate "2022.10.05"]
[SourceQuality "1"]

1. d4 Nf6 2. g3 d5 3. Nf3 c6 4. Bg2 Bg4 5. 0-0 e6 6. b3 Bd6 7. Bb2 0-0 8. Nbd2 a5 9. c4 Na6 10. Rc1 Re8 11. Qe1 Bf5 12. Nh4 h6 13. Nxf5 exf5 14. cxd5 cxd5 15. Nb1 Nb4 16. Rc3 Nxa2 1/2-1/2

[Event "Catania op 2nd"]
[Site "Catania"]
[Date "1990.08.04"]
[Round "1"]
[White "Polovodin, Igor A"]
[Black "Guerra, Ugo"]
[Result "1-0"]
[WhiteElo "2435"]
[BlackElo "2342"]
[PlyCount "77"]
[EventDate "1990.08.04"]
[EventType "swiss"]
[EventRounds "9"]
[EventCountry "ITA"]
[SourceTitle "EXT 2023"]
[Source "ChessBase"]
[SourceDate "2022.10.05"]
[SourceVersion "1"]
[SourceVersionDate "2022.10.05"]
[SourceQuality "1"]

1. d4 Nf6 2. Nf3 e6 3. g3 b6 4. Bg2 Bb7 5. c4 Bb4+ 6. Bd2 c5 7. Bxb4 cxb4 8. 0-0 0-0 9. Nbd2 d6 10. Qb3 a5 11. a3 Na6 12. Ne1 Bxg2 13. Kxg2 e5 14. Nc2 bxa3 15. bxa3 exd4 16. Nxd4 Nc5 17. Qf3 Re8 18. Rab1 Rc8 19. Rfd1 d5 20. cxd5 Qxd5 21. e3 Na4 22. Rdc1 Qxf3+ 23. Kxf3 Nd5 24. Ne4 Kf8 25. Nd6 Rxc1 26. Rxc1 Rd8 27. N4b5 Nc5 28. Nc4 Na4 29. Rd1 Rc8 30. Rxd5 Rxc4 31. Rd7 Nc5 32. Rxf7+ Kxf7 33. Nd6+ Ke6 34. Nxc4 Na4 35. e4 Kd7 36. e5 Kc6 37. e6 b5 38. Nxa5+ Kd6 39. Nb3 1-0

[Event "Forli op"]
[Site "Forli"]
[Date "1990.??.??"]
[Round "7"]
[White "Fries Nielsen, Jens Ove"]
[Black "Guerra, Ugo"]
[Result "1-0"]
[WhiteElo "2400"]
[BlackElo "2340"]
[PlyCount "35"]
[EventDate "1990.09.??"]
[EventType "swiss"]
[EventRounds "9"]
[EventCountry "ITA"]
[SourceTitle "EXT 1997"]
[Source "ChessBase"]
[SourceDate "1996.11.15"]
[SourceVersion "1"]
[SourceVersionDate "1996.11.15"]
[SourceQuality "1"]

1. d4 Nf6 2. Bg5 g6 3. Bxf6 exf6 4. e4 Bg7 5. Nf3 0-0 6. Bd3 f5 7. exf5 Re8+ 8. Kf1 c5 9. fxg6 hxg6 10. h4 Nc6 11. h5 g5 12. h6 Bf6 13. dxc5 Bxb2 14. Nbd2 d5 15. cxd6 Bg4 16. Rb1 Bd4 17. Ne4 f6 18. Rxb7 1-0

[Event "Forli op"]
[Site "Forli"]
[Date "1990.??.??"]
[Round "3"]
[White "Guerra, Ugo"]
[Black "Hug, Werner"]
[Result "1/2-1/2"]
[WhiteElo "2340"]
[BlackElo "2445"]
[PlyCount "62"]
[EventDate "1990.09.??"]
[EventType "swiss"]
[EventRounds "9"]
[EventCountry "ITA"]
[SourceTitle "EXT 1997"]
[Source "ChessBase"]
[SourceDate "1996.11.15"]
[SourceVersion "1"]
[SourceVersionDate "1996.11.15"]
[SourceQuality "1"]

1. e4 e5 2. Nf3 Nc6 3. Bb5 a6 4. Ba4 Nf6 5. 0-0 b5 6. Bb3 Bb7 7. Re1 Bc5 8. c3 d6 9. d4 Bb6 10. a4 0-0 11. Bg5 h6 12. Bh4 Re8 13. axb5 axb5 14. Rxa8 Bxa8 15. Na3 exd4 16. Nxb5 g5 17. Bg3 Nxe4 18. Nbxd4 Nxg3 19. hxg3 Nxd4 20. Nxd4 Re5 21. Rxe5 dxe5 22. Qc2 Qf6 23. Nf5 Bc5 24. Ba4 e4 25. g4 h5 26. Qd1 hxg4 27. Qxg4 Bd5 28. Bc2 Be6 29. Bxe4 Bxf5 30. Bxf5 Bd6 31. Qh3 Be5 1/2-1/2

[Event "Forli op"]
[Site "Forli"]
[Date "1990.??.??"]
[Round "4"]
[White "Gutman, Lev"]
[Black "Guerra, Ugo"]
[Result "1/2-1/2"]
[WhiteElo "2475"]
[BlackElo "2340"]
[PlyCount "114"]
[EventDate "1990.09.??"]
[EventType "swiss"]
[EventRounds "9"]
[EventCountry "ITA"]
[SourceTitle "EXT 1997"]
[Source "ChessBase"]
[SourceDate "1996.11.15"]
[SourceVersion "1"]
[SourceVersionDate "1996.11.15"]
[SourceQuality "1"]

1. Nf3 Nf6 2. g3 d5 3. Bg2 c6 4. 0-0 Bf5 5. d3 e6 6. Nbd2 Nbd7 7. Qe1 Be7 8. e4 dxe4 9. dxe4 Bg6 10. Nh4 Ng4 11. h3 Bxh4 12. gxh4 Ngf6 13. Nc4 0-0 14. b3 e5 15. Ba3 c5 16. Rd1 Qc7 17. Bc1 Rfe8 18. Bf3 Nh5 19. Bxh5 Bxh5 20. Rd3 Nf8 21. Ne3 Ne6 22. Nd5 Qc6 23. c3 Nf4 24. Bxf4 exf4 25. f3 c4 26. bxc4 Qxc4 27. Nxf4 Rad8 28. Rxd8 Rxd8 29. Qe3 Qb5 30. Qxa7 f6 31. Nd5 Bf7 32. Qd4 Bxd5 33. Rd1 Qe2 34. exd5 Qxf3 35. Rd3 Qe2 36. Re3 Qxa2 37. d6 Qb1+ 38. Kf2 Qf5+ 39. Kg3 Qg6+ 40. Kf4 Qh6+ 41. Kf3 Qh5+ 42. Kg2 Qg6+ 43. Rg3 Qc2+ 44. Kh1 Qb1+ 45. Kh2 Qc2+ 46. Rg2 Qf5 47. Re2 b5 48. Qb6 Qf4+ 49. Kg2 Rf8 50. d7 Qc4 51. Re7 Qd5+ 52. Kg3 Qd3+ 53. Kf2 Qd2+ 54. Kf3 Qd3+ 55. Kg2 Qd5+ 56. Kf2 Qd2+ 57. Kf3 Qd1+ 1/2-1/2

[Event "Madonna di Campiglio op 14th"]
[Site "Madonna di Campiglio"]
[Date "1988.07.16"]
[Round "1.11"]
[White "Schuler, Klaus"]
[Black "Guerra, Ugo"]
[Result "1-0"]
[WhiteElo "2200"]
[BlackElo "1914"]
[PlyCount "57"]
[EventDate "1988.07.16"]
[EventType "swiss"]
[EventRounds "8"]
[EventCountry "ITA"]
[SourceTitle "EXT 2023"]
[Source "ChessBase"]
[SourceDate "2022.10.05"]
[SourceVersion "1"]
[SourceVersionDate "2022.10.05"]
[SourceQuality "1"]

1. e4 c5 2. Nf3 Nc6 3. Bb5 e6 4. 0-0 Nge7 5. c3 a6 6. Ba4 b5 7. Bc2 Bb7 8. d4 Ng6 9. d5 Nce5 10. Nxe5 Nxe5 11. f4 Nc4 12. b3 Nb6 13. Qe2 h5 14. c4 bxc4 15. bxc4 Qh4 16. Nd2 Rb8 17. Rb1 Qd8 18. Bb2 Qc7 19. Nf3 f6 20. Ba1 Rh6 21. Rfd1 Kf7 22. Bc3 Nc8 23. e5 f5 24. Ng5+ Kg8 25. Ba4 exd5 26. cxd5 Na7 27. d6 Qc8 28. Bb3+ Kh8 29. Nf7+ 1-0